Modern methods of construction (MMC) in housing (Record no. 106707)

MARC details
000 -LEADER
fixed length control field 01032cam a2200289 4500
001 - CONTROL NUMBER
control field L137261
008 - FIXED-LENGTH DATA ELEMENTS--GENERAL INFORMATION
fixed length control field 070327e2007 xxko f 000 0 eng d
020 ## - INTERNATIONAL STANDARD BOOK NUMBER
International Standard Book Number 9781860819612
035 ## - SYSTEM CONTROL NUMBER
System control number (Sirsi) u137261
041 0# - LANGUAGE CODE
Language code of text/sound track or separate title eng
050 04 - LIBRARY OF CONGRESS CALL NUMBER
Classification number 693.97 $2 18
100 1# - MAIN ENTRY--PERSONAL NAME
Personal name Gaze, Christopher
245 00 - TITLE STATEMENT
Title Modern methods of construction (MMC) in housing
Remainder of title drivers and barriers to their use
260 ## - PUBLICATION, DISTRIBUTION, ETC.
Place of publication, distribution, etc. Watford
Name of publisher, distributor, etc. BRE
Date of publication, distribution, etc. 2007
300 ## - PHYSICAL DESCRIPTION
Extent 6p.
Other physical details ill.
Dimensions 30cm.
490 #0 - SERIES STATEMENT
Series statement BRE Information Paper
Volume/sequential designation 3/07 Part 1
490 #0 - SERIES STATEMENT
Series statement Modern methods of construction (MMC) in housing
Volume/sequential designation Part 1
520 ## - SUMMARY, ETC.
Summary, etc. Focuses on the drivers and barriers to the use of modern construction methods in housing. Discusses householders' experience, the importance of land to housebuilders, capacity constraints, and planning.
590 ## - LOCAL NOTE (RLIN)
Local note KA
651 #4 - SUBJECT ADDED ENTRY--GEOGRAPHIC NAME
Geographic name United Kingdom
Chronological subdivision
690 ## - LOCAL SUBJECT ADDED ENTRY--TOPICAL TERM (OCLC, RLIN)
Topical term or geographic name as entry element BUILT ENVIRONMENT-CONSTRUCTION DESIGN
700 1# - ADDED ENTRY--PERSONAL NAME
Personal name Ross, Keith
700 1# - ADDED ENTRY--PERSONAL NAME
Personal name Nolan, Eanna
700 1# - ADDED ENTRY--PERSONAL NAME
Personal name Novakovic, Oliver
700 1# - ADDED ENTRY--PERSONAL NAME
Personal name Cartwright, Paul
942 ## - ADDED ENTRY ELEMENTS (KOHA)
Suppress in OPAC 0
Holdings
Withdrawn status Lost status Source of classification or shelving scheme Damaged status Not for loan Home library Current library Shelving location Date acquired Total Checkouts Full call number Barcode Date last seen Date last checked out Copy number Price effective from Koha item type
    Dewey Decimal Classification     London London Enquiry desk 05/04/2007 7 ENQUIRY DESK 30073746 06/08/2019 02/06/2009 1 06/08/2019 Book